Mýtus a realita hospodářské vyspělosti Československa mezi světovými válkami

Salvato in:
Dettagli Bibliografici
Natura: Libro
Lingua:ceco
Pubblicazione: Praha Karolinum 2000
Soggetti:
Tags: Aggiungi Tag
Nessun Tag, puoi essere il primo ad aggiungerne!!

MARC

LEADER 00000nam a2200000 4500
001 c123836
005 20250515090518.5
020 |a 80-7184-716-X 
041 0 |a cze 
044 |a CZ 
245 1 0 |a Mýtus a realita hospodářské vyspělosti Československa mezi světovými válkami  |c Připravil kolektiv autorů za redakce E. Kubů a J. Pátka 
264 1 |a Praha  |b Karolinum  |c 2000 
300 |a 439 s. 
610 2 0 |a vývoj hospodársky 
610 2 0 |a situácia hospodárska 
610 2 0 |a poľnohospodárstvo 
610 2 0 |a priemysel 
610 2 0 |a doprava 
610 2 0 |a trh kapitálový 
610 2 0 |a obchod vnútorný 
610 2 0 |a obchod zahraničný 
610 2 0 |a výskum vedeckotechnický 
610 2 0 |a bilancia platobná 
610 2 0 |a podnikatelia 
610 2 0 |a manažéri 
610 2 0 |a Česko 
610 2 0 |a Slovensko